| 000 | 00586nam a2200193Ia 4500 | ||
|---|---|---|---|
| 003 | GCL | ||
| 008 | 140319s9999 xx 000 0 ara d | ||
| 040 |
_aGCL / _cGCL |
||
| 082 | 0 | 4 |
_a331.012 _bهـ ض |
| 100 | 1 | _aهانسون، بيتر | |
| 245 | 1 | 0 |
_aضغط العمل طريقك الى النجاح / _cهانسون، بيتر |
| 250 | _aالاولى | ||
| 260 |
_aالقاهرة : _bمكتبة جرير ، _c1996 |
||
| 300 |
_a308 ص ؛ _c22 سم |
||
| 650 | 0 | 4 | _aالعمل والعمال |
| 650 | 0 | 4 | _aالعمل الجماعى |
| 650 | 0 | 4 | _aحق العمل |
| 942 |
_2ddc _cBK |
||
| 999 |
_c5531 _d5531 |
||